| Поле | Инд. | ПП | Название | Значение |
|---|---|---|---|---|
| Тип записи | a | |||
| Библиографический уровень | b | |||
| 001 | Контрольный номер | RU/IS/BASE/264553959 | ||
| 005 | Дата корректировки | 20200630211019.7 | ||
| 008 | Кодируемые данные | 19970521 | ||
| 084 | a | Индекс другой классификации/Индекс ББК | 63.3(2)614-284.6ю11 | |
| 097 | 00 | a | 750 | |
| 245 | 10 | a | Заглавие | Социалисты в стране социализма |
| b | Продолж. заглавия | Испанцы-эмигранты в СССР. 1935 г. | ||
| c | Ответственность | Предисловие и публикация А. В. Елпатьевского | ||
| 520 | 00 | a | Аннотация | Документы о восприятии советской действительности эмигрантами в СССР, испанскими шахтерами: Письмо А. Аболина от 26 сент. 1935 г. "О положении испанских горняков на шахте им. Чувырина"; Письмо секретаря Ворошиловградского горкома ВКП(б) Ю. Шаца первому секретарю ВЦСПС Н.М. Швернику о настроениях испанских эмигрантов (от 17 ноября 1935 г.) |
| 650 | a | Основная рубрика | история | |
| 653 | 00 | a | Ключевые слова | XX век |
| a | Ключевые слова | горняки | ||
| a | Ключевые слова | Донбасс | ||
| a | Ключевые слова | Россия | ||
| a | Ключевые слова | советский период | ||
| a | Ключевые слова | СССР | ||
| a | Ключевые слова | шахтеры | ||
| a | Ключевые слова | эмигранты | ||
| 700 | 10 | a | Автор | Елпатьевский А. В. |
| e | Роль лиц | автор публикации; автор предисловия | ||
| 773 | 00 | t | Заглавие источника | Исторический архив |
| d | Дата издания источника | 1996 | ||
| g | Прочая информация | № 2. - С. 133 - 141 | ||
| w | Контрольный № источника | RU/IS/BASE/142005402 | ||
| 901 | t | Тип документа | b |